KOHA-Header-6

Security PLANNING and Disaster Recovery (Record no. 9197)

000 -LEADER
fixed length control field 00279nam a2200109Ia 4500
100 ## - MAIN ENTRY--AUTHOR NAME
Personal name Maiwald ,Eric
245 #0 - TITLE STATEMENT
Title Security PLANNING and Disaster Recovery
260 ## - PUBLICATION, DISTRIBUTION, ETC. (IMPRINT)
Place of publication New Delhi
Name of publisher Bantam Books
Year of publication 2000
300 ## - PHYSICAL DESCRIPTION
Number of Pages 1156
942 ## - ADDED ENTRY ELEMENTS (KOHA)
Koha item type Books
Holdings
Withdrawn status Lost status Collection code Permanent Location Current Location Shelving location Date acquired Full call number Accession Number Koha item type
    Computer Science MAJU MAJU Shelf No.A32 2019-09-14 621.3 4627 Computer Science

Powered by Koha